000 01334nam a2200373Ic 4500
001 58580
003 CO-BoRNBP
005 20250826222024.0
007 ta
008 210805s20132014sp a gr 000 0dspa
020 _a9788483931455
040 _aCO-BoRNBP
_bspa
_erda
_cCO-BoRNBP
041 _aspa
082 0 4 _a305.42
_bZ12h
_222
100 _aZafra, Remedios,
_d1973-
_eaut
_963588
245 1 1 _a(h)adas :
_bmujeres que crean, programan, prosumen, teclean /
_cRemedios Zafra.
246 3 3 _aHadas
_bmujeres que crean, programan, prosumen, teclean
250 _aPrimera edición
264 1 _aMadird, España :
_bEditorial Páginas de Espuma,
_c2014
300 _a282 páginas :
_bilustraciones
336 _atexto
_btxt
_2rdacontent
337 _asin mediación
_bn
_2rdamedia
338 _avolumen
_bnc
_2rdacarrier
490 0 _aVoces . Ensayo
_v186
504 _aBibliografía: páginas 265-280
521 _aRecomendado para público adulto
545 _aIncluye datos biográficos del autor en la solapa
586 _aObra ganadora del Primer Premio Málaga de ensayo 2012, José María González Ruiz
650 0 7 _aFeminismo
_2LEMB
_91108
650 0 7 _aMujeres en el desarrollo social
_2lemb
_963589
650 0 7 _aMujeres en la ciencia
_2lemb
_963590
650 0 7 _aTrabajo de la mujer
_2lemb
_913889
942 _2ddc
_cBK
999 _c58580
_d58580